The great adventure (Record no. 285952)
[ view plain ]
| 000 -LEADER | |
|---|---|
| fixed length control field | 02462cgm a2200565Ia 4500 |
| 001 - CONTROL NUMBER | |
| control field | ocn137239613 |
| 003 - CONTROL NUMBER IDENTIFIER | |
| control field | OCoLC |
| 005 - DATE AND TIME OF LATEST TRANSACTION | |
| control field | 20200320193450.0 |
| 007 - PHYSICAL DESCRIPTION FIXED FIELD--GENERAL INFORMATION | |
| fixed length control field | vd cvaizk |
| 008 - FIXED-LENGTH DATA ELEMENTS--GENERAL INFORMATION | |
| fixed length control field | 070529p20071976xx 090 vleng d |
| 020 ## - INTERNATIONAL STANDARD BOOK NUMBER | |
| Terms of availability | 15.95 |
| 024 1# - OTHER STANDARD IDENTIFIER | |
| Standard number or code | 637581703923 |
| 028 41 - PUBLISHER NUMBER | |
| Publisher number | 70392 |
| Source | Leisure Entertainment |
| 035 ## - SYSTEM CONTROL NUMBER | |
| System control number | (OCoLC)137239613 |
| 040 ## - CATALOGING SOURCE | |
| Original cataloging agency | IHI |
| Language of cataloging | eng |
| Transcribing agency | IHI |
| Modifying agency | IHI |
| -- | OCLCQ |
| -- | OCLCO |
| -- | WACOL |
| 043 ## - GEOGRAPHIC AREA CODE | |
| Geographic area code | n-cn-yk |
| 049 ## - LOCAL HOLDINGS (OCLC) | |
| Holding library | WACL |
| 092 ## - LOCALLY ASSIGNED DEWEY CALL NUMBER (OCLC) | |
| Classification number | DVD |
| Item number | Gre |
| 245 04 - TITLE STATEMENT | |
| Title | The great adventure |
| Medium | [videorecording] / |
| Statement of responsibility, etc | [presented by] Professional Pictures International, Inc. ; produced by Elliot Geisinger, Joseph Allegro ; directed by Paul Elliotts ; screenplay by Elliot Geisinger, John Fonseca. |
| 246 1# - VARYING FORM OF TITLE | |
| Display text | Container title: |
| Title proper/short title | Jack London's The great adventure |
| 260 ## - PUBLICATION, DISTRIBUTION, ETC. (IMPRINT) | |
| Place of publication, distribution, etc | [S.l.] : |
| Name of publisher, distributor, etc | Leisure Entertainment, |
| Date of publication, distribution, etc | [2007?] |
| 300 ## - PHYSICAL DESCRIPTION | |
| Extent | 1 videodisc (90 min.) : |
| Other physical details | sd., col. ; |
| Dimensions | 4 3/4 in. |
| 490 1# - SERIES STATEMENT | |
| Series statement | Digital gold collection |
| 538 ## - SYSTEM DETAILS NOTE | |
| System details note | DVD; Dolby Digital 5.1 surround or 2.0 stereo., mono. |
| 500 ## - GENERAL NOTE | |
| General note | Based on "The Call of the Wild" by Jack London. |
| 511 1# - PARTICIPANT OR PERFORMER NOTE | |
| Participant or performer note | Jack Palance, Joan Collins, Fred Romer, Emanuel Blas, and Buck. |
| 508 ## - CREATION/PRODUCTION CREDITS NOTE | |
| Creation/production credits note | Director of photography, Joseph Aguayo ; editor, Tee Walters ; music by Stelvio Cipriani ; theme song written by Harold Spiro. |
| 500 ## - GENERAL NOTE | |
| General note | Originally produced as a motion picture in 1976. |
| 520 ## - SUMMARY, ETC. | |
| Summary, etc | During the Yukon gold rush an orphaned boy struggles to survive, his only ally a wild dog. |
| 650 #0 - SUBJECT ADDED ENTRY--TOPICAL TERM | |
| Topical term or geographic name as entry element | Orphans |
| Form subdivision | Drama. |
| 9 (RLIN) | 5712784 |
| 650 #0 - SUBJECT ADDED ENTRY--TOPICAL TERM | |
| Topical term or geographic name as entry element | Dogs |
| Form subdivision | Drama. |
| 9 (RLIN) | 5699115 |
| 650 #0 - SUBJECT ADDED ENTRY--TOPICAL TERM | |
| Topical term or geographic name as entry element | Gold mines and mining |
| Geographic subdivision | Yukon |
| Form subdivision | Drama. |
| 9 (RLIN) | 5896102 |
| 651 #0 - SUBJECT ADDED ENTRY--GEOGRAPHIC NAME | |
| Geographic name | Yukon |
| Form subdivision | Drama. |
| 9 (RLIN) | 5896103 |
| 655 #0 - INDEX TERM--GENRE/FORM | |
| Genre/form data or focus term | DVD-Video discs. |
| 9 (RLIN) | 5673658 |
| 655 #7 - INDEX TERM--GENRE/FORM | |
| Genre/form data or focus term | Action and adventure films. |
| Source of term | lcgft |
| 9 (RLIN) | 5674017 |
| 655 #7 - INDEX TERM--GENRE/FORM | |
| Genre/form data or focus term | Feature films. |
| Source of term | lcgft |
| 9 (RLIN) | 5896104 |
| 700 1# - ADDED ENTRY--PERSONAL NAME | |
| Personal name | Palance, Jack, |
| Dates associated with a name | 1919-2006. |
| 9 (RLIN) | 23226 |
| 700 1# - ADDED ENTRY--PERSONAL NAME | |
| Personal name | Collins, Joan, |
| Dates associated with a name | 1933- |
| 9 (RLIN) | 5503 |
| 700 1# - ADDED ENTRY--PERSONAL NAME | |
| Personal name | Romer, Fred. |
| 9 (RLIN) | 5896105 |
| 700 1# - ADDED ENTRY--PERSONAL NAME | |
| Personal name | Blas, Manuel de. |
| 9 (RLIN) | 5896106 |
| 700 1# - ADDED ENTRY--PERSONAL NAME | |
| Personal name | Elliotts, Paul. |
| 9 (RLIN) | 5896107 |
| 700 1# - ADDED ENTRY--PERSONAL NAME | |
| Personal name | London, Jack, |
| Dates associated with a name | 1876-1916. |
| Title of a work | Call of the wild. |
| 9 (RLIN) | 10154 |
| 710 2# - ADDED ENTRY--CORPORATE NAME | |
| Corporate name or jurisdiction name as entry element | Professional Pictures International, Inc. |
| 9 (RLIN) | 5896108 |
| 710 2# - ADDED ENTRY--CORPORATE NAME | |
| Corporate name or jurisdiction name as entry element | Leisure Entertainment (Firm) |
| 9 (RLIN) | 5896109 |
| 830 #0 - SERIES ADDED ENTRY--UNIFORM TITLE | |
| Uniform title | Digital gold collection (Leisure Entertainment) |
| 9 (RLIN) | 5896110 |
| 942 ## - ADDED ENTRY ELEMENTS (KOHA) | |
| Koha item type | DVD |
| 948 ## - LOCAL PROCESSING INFORMATION (OCLC); SERIES PART DESIGNATOR (RLIN) | |
| Series part designator, SPT (RLIN) | 02/21/2015 |
| z (OCLC) | Sirsi |
| 994 ## - | |
| -- | 02 |
| -- | WACOL |
| 996 ## - | |
| -- | 115752 |
| -- | 34301001410960 |
| -- | DVD |
| -- | DVD |
| -- | wcl |
| -- | i |
| -- | 13 |
| -- | 15.95 |
| -- | amazon |
| -- | Gre |
| -- | 02/23/2015 |
| -- | 06/14/2019 |
| -- | 05/31/2019 |
| Withdrawn status | Lost status | Source of classification or shelving scheme | Damaged status | Not for loan | Collection code | Home library | Current library | Shelving location | Date acquired | Source of acquisition | Cost, normal purchase price | Total Checkouts | Total Renewals | Full call number | Barcode | Date last seen | Date checked out | Cost, replacement price | Price effective from | Koha item type |
|---|---|---|---|---|---|---|---|---|---|---|---|---|---|---|---|---|---|---|---|---|
| Dewey Decimal Classification | Movies | Wasatch County Library | Wasatch County Library | Audio Visual Area | 02/23/2015 | Amazon | 15.95 | 18 | 7 | DVD Gre | 34301001410960 | 07/31/2025 | 07/25/2025 | 15.95 | 03/20/2020 | DVD |
